000 005670000a22001930004500
001 002396
003 MACL
005 20150918120029.0
008 150918b xxu||||| |||| 00| 0 eng d
040 _aMACL
_cMACL
041 _aEnglish
082 _a824/MED
100 _aMeduri, Avanthi
_911753
245 _aRukmini Devi Arundale (1904-1986)
_bA Visionary Architect Of Indian Culture And The Performing Arts
_cAvanthi Meduri
260 _aNew Delhi
_c2005
_bMotilal Banarsidass Publisher,
350 _a450
650 _aEnglish Essay
_98946
942 _k824
_cBK
_2ddc
999 _c14308
_d14308